000 00830nam a2200277Ia 4500
001 Para_4357
003 CHAP
008 220125s1914 xx 000 0 und d
010 _a202884
040 _cCHAP
090 _aPA FOLLETO 1886
100 _aThurmond, R. V
_9113012
245 _aTexas guide for growing irrigated cotton /
_c R. V. Thurmond, John Box, Fred C. Elliott
260 _aCollege Station, Texas :
_b Agricultural Extension Service
300 _a10 p.
440 _aTexas. Agr. Ext. Service, B; 896
_9168351
650 _aAlgodón
_x Irrigación
_94028
700 _aBox, John. Elliott, Fred C.
_9168352
901 _aPA FOLLETO 1886
902 _aA
905 _a0000001914 ck 0000000000 00
910 _a1914
942 _cPARA
942 _cPARA
_d1
999 _c202884
_d202884